| 000 | 00562nac a22001691u 4500 | ||
|---|---|---|---|
| 010 | _a 67114602 | ||
| 035 | _a(OCoLC)2698956 | ||
| 082 |
_a621.3 _bC8511 |
||
| 090 |
_c4398 _d4398 |
||
| 100 | _aCotton, H. | ||
| 245 | 1 | 0 |
_aAdvanced electrical technology, _c[by] H. Cotton. |
| 260 |
_aLondon, _bPitman, _c1967. |
||
| 300 |
_axi, 1293 p. _c22 cm. |
||
| 650 | 0 | _aElectric engineering. | |
| 942 |
_cBB _k621.3C8511 |
||
| 999 |
_c4398 _d4398 |
||